Trenerzy piłki nożnej na literę F - Statystyki

Ogólne statystyki
  • Ten quiz został rozwiązany 28 razy
  • Średni wynik to 6 z 10
Statystyki odpowiedzi
Prowadzone zespoły Odpowiedź % Poprawnych
Aberdeen 1978-1986 Manchester United 1986-2013 Alex Ferguson
100%
Bayern Monachium 2019-2021 Niemcy 2021-2023 FC Barcelona 2024- Hansi Flick
96%
Motor Lublin 2022-2024 Legia Warszawa 2024-2025 Goncalo Feio
92%
Ruch Chorzów 2009-2012 2014-2017 Polska 2012-2013 Piast Gliwice 2017-2022 Zagłębie Lubin 2022-2024 Waldemar Fornalik
83%
Hiszpania 2022- Luis de la Fuente
58%
Lyngby 2009-2013 Esbjerg 2013-2015 Brondby 2019-2022 Lech Poznań 2024- Niels Frederiksen
58%
Brondby 2013-2016 Brentford 2018-2025 Tottenham 2025- Thomas Frank
54%
FC Zurich 2003-2007 Hertha Berlin 2007-2009 Borussia Monchengladbach 2011-2015 OGC Nice 2016-2018 Borussia Dortmund 2018-2020 Lucien Favre
33%
Szachtar Donieck 2016-2019 AS Roma 2019-2021 Lille 2022-2024 Paulo Fonseca
33%
Cannes 1992-1994 PSG 1994-1996 2000-2003 Athletic Bilbao 1996-2000 Luis Fernandez
25%
Nie znaleziono quizów pasujących do podanych kryteriów
Rozkład punktacji
Procent ludzi z każdym wynikiem
Percentyl według liczby udzielonych odpowiedzi
Twoja historia wyników
Nie rozwiązałeś tego quizu